إعلام ذوي الأفئدة بأحكام سورة المائدة / (رقم التسجيلة. 118822)
[ عرض عادي ]
| 000 -الفاتح | |
|---|---|
| عناصر البيانات ثابتة الطول | 00782cam a2200205 i 4500 |
| 005 - تاريخ ووقت آخر معاملة | |
| حقل ضبط | 20251126123806.0 |
| 008 - عناصر البيانات ثابتة الطول | |
| عناصر البيانات ثابتة الطول | 250721s2009 ua gr 000 0 ara d |
| 020 ## - الترقيم الدولي المعياري للكتب (ردمك) | |
| الترقيم الدولي المعياري للكتب (ردمك) | 9773901157 |
| 082 14 - رقم تصنيف ديوي العشري | |
| رقم التصنيف | 211.17 |
| رقم المادة | خ ل ف |
| 100 1# - مدخل رئيسي – اسم شخصي | |
| الاسم الشخصي | الخلفي، عبد العظيم بن بدوي |
| علاقة الشخص بالعمل/ دوره | مؤلف. |
| 245 10 - بيان العنوان | |
| العنوان | إعلام ذوي الأفئدة بأحكام سورة المائدة / |
| بيان المسؤولية | تأليف الشيخ عبد العظيم بن بدوي الخلفي. |
| 250 ## - بيان الطبعة | |
| بيان الطبعة | الطبعة الأولى. |
| 264 31 - بيانات النشر، التوزيع…إلخ | |
| مكان النشر، التوزيع...إلخ | القاهرة : |
| اسم الناشر، الموزع...إلخ | دار ابن رجب ؛ |
| -- | دار الفوائد، |
| تاريخ النشر، التوزيع...إلخ | 2009. |
| 300 ## - الوصف المادي | |
| عدد الوحدات المكونة للوعاء | 608 صفحة. |
| 650 17 - مدخل إضافي بالموضوع - مصطلح موضوعي | |
| مصطلح موضوعي أو اسم جغرافي كعنصر مدخل | القرآن الكريم. |
| 650 17 - مدخل إضافي بالموضوع - مصطلح موضوعي | |
| مصطلح موضوعي أو اسم جغرافي كعنصر مدخل | سور القرآن. |
| 650 17 - مدخل إضافي بالموضوع - مصطلح موضوعي | |
| مصطلح موضوعي أو اسم جغرافي كعنصر مدخل | أحكام القرآن. |
| 942 ## - بيانات إضافية (كوها) | |
| نوع التنصيف | Dewey Decimal Classification |
| نوع المادة (كوها) | كتب |
| حالة السحب | حالة الفقدان | مصدر التصنيف | حالة التلف | غير قابل للإعارة | المكتبة الرئيسية | المكتبة الحالية | موقع الرف | تاريخ التزويد | الرقم المتسلسل | Total Checkouts | رقم الإستدعاء | تاريخ آخر ظهور | تاريخ الفاتورة | نوع المادة (كوها) | الباركود | العملة |
|---|---|---|---|---|---|---|---|---|---|---|---|---|---|---|---|---|
| Dewey Decimal Classification | المكتبة المركزية | المكتبة المركزية | مقتنيات قسم التزويد | 28/07/2025 | 1331950 | 211.17/خلف | 28/07/2025 | 28/07/2025 | كتب | |||||||
| Dewey Decimal Classification | المكتبة المركزية | المكتبة المركزية | الإعارة | 26/11/2025 | 1331948 | 211.17 / خ ل ف | 26/11/2025 | 26/11/2025 | كتب | PLD00119389 | JOD | |||||
| Dewey Decimal Classification | مكتبة أبو علندا العامة | مكتبة أبو علندا العامة | الإعارة | 15/11/2009 | 1331953 | 211.17/خلف | 28/07/2025 | 15/11/2009 | كتب | PLD00119862 | ||||||
| Dewey Decimal Classification | مكتبة الأميرة ايمان العامة | مكتبة الأميرة ايمان العامة | الإعارة | 15/11/2009 | 1331954 | 211.17/خلف | 28/07/2025 | 15/11/2009 | كتب | PLD00119863 | ||||||
| Dewey Decimal Classification | مكتبة عدن للأطفال | مكتبة عدن للأطفال | الإعارة | 17/02/2025 | 1793033 | 211.17/خلف | 28/07/2025 | 17/02/2025 | كتب | PLD00515754 | ||||||
| Dewey Decimal Classification | مكتبة ومركز فرح | مكتبة ومركز فرح | الإعارة | 15/11/2009 | 1331956 | 211.17/خلف | 28/07/2025 | 15/11/2009 | كتب | PLD00119865 |